000 00266nam a2200097 4500
008 240223b |||||||| |||| 00| 0 eng d
245 _aOur Laws 10
246 _aThe Police and you
260 _aIndia :
_bThe Department of women and child development,
_c1992
942 _cCR
999 _c4816
_d4816